000
nam a22 7a 4500
999
_c
233473
_d
233473
003
Nust
005
20170308104818.0
008
170308b xxu||||| |||| 00| 0 eng d
040
_c
DLC
082
_a
363.125 CAI
245
_a
Road Safety Engineering Risk Assessment Part 11 : Road Safety and Maintenance
942
_2
ddc
_c
BK